Death and the afterlife in Byzantium : the fate of the soul in theology, liturgy, and art
Αποθηκεύτηκε σε:
| Κύριος συγγραφέας: | |
|---|---|
| Μορφή: | Βιβλίο |
| Γλώσσα: | English |
| Δημοσίευση: |
New York :
Cambridge University Press,
2016.
|
| Θέματα: | |
| Ετικέτες: |
Προσθήκη ετικέτας
Δεν υπάρχουν, Καταχωρήστε ετικέτα πρώτοι!
|
MARC
| LEADER | 00000cam a2200000 a 4500 | ||
|---|---|---|---|
| 001 | 1/116201 | ||
| 008 | 180322s2016####nyu| ||| |||| ||eng|| | ||
| 020 | |a 9781107139442 | ||
| 040 | |a GR-MyUa |b gre |c GR-MyUa |e AACR2 | ||
| 041 | 0 | |a eng | |
| 082 | 7 | |a 236.4 |2 (23) | |
| 100 | 1 | |a Μαρίνης, Βασίλειος, |d 1975- | |
| 245 | 1 | 0 | |a Death and the afterlife in Byzantium : |b the fate of the soul in theology, liturgy, and art / |c Vasileios Marinis. |
| 260 | |a New York : |b Cambridge University Press, |c 2016. | ||
| 300 | |a ix, 202 σ. ; |c 25 εκ. | ||
| 504 | |a Περιλαμβάνει βιβλιογραφία και ευρετήριο. | ||
| 505 | 8 | |a Theologies -- The invention of traditions: Jewish and Christian apocrypha -- The diversity of the afterlife in late antiquity -- Continuity, systematization, and encyclopedism in the middle Byzantine period -- Visualizing the afterlife -- Late Byzantium and the encounter with the west -- Liturgies -- The afterlife of the soul in liturgical services -- Helping and remembering the soul: liturgical commemorations and prayers -- Two exceptional services -- The text and translation of the Kanon Eis Psychorragounta. | |
| 650 | 0 | |a Death |z Byzantine Empire. | |
| 650 | 0 | |a Future life |z Byzantine Empire. | |
| 852 | |a INST |b LESVOS |e 20180322 |h 236.4 ΜΑΡ |p 005100060128 |q 005100060128 |t BK |y 0 | ||
| 970 | |a Τζαφέρη |b Ευαγγελία |z 22-03-2018 | ||